000
00347nam a2200145Ia 4500
008
230718s9999 xx 000 0 und d
041
_a
Eng.
082
_a
658-62
_b
WAD-M
100
_a
Wadsworth, Harison. M
245
0
_a
Modern methods ber Gesell
260
_a
Pakistan
_b
Then wily & Jonx
_c
2002
300
_a
683
650
_a
Law
999
_c
26601
_d
26601